| 000 | 00947cam a22003018i 4500 | ||
|---|---|---|---|
| 005 | 20230317093824.0 | ||
| 008 | 160503s2017 enk bf 001 0 eng | ||
| 020 | _a9781119117117 (pbk.) | ||
| 020 | _z9781119117124 (Adobe PDF) | ||
| 020 | _z9781119117131 (epub) | ||
| 040 |
_aDNLM/DLC _cURS _erda _bEnglish |
||
| 050 | 0 | 0 |
_aRT51 _b.L46 2017 |
| 060 | 1 | 0 | _aWY 49 |
| 100 |
_aLe May, Andrée, _eauthor. _94220 |
||
| 245 | 1 | 0 |
_aRapid adult nursing / _cAndrée le May. |
| 263 | _a1612 | ||
| 264 | 1 |
_aChichester, West Sussex ; _aHoboken, NJ : _bJohn Wiley & Sons, Incorporated, _c©2017. |
|
| 300 |
_a125 pages ; _c22 cm. |
||
| 336 |
_atext _2rdacontent |
||
| 337 |
_aunmediated _2rdamedia |
||
| 338 |
_avolume _2rdacarrier |
||
| 504 | _aIncludes bibliographical references and index. | ||
| 650 | 1 | 0 |
_aNursing. _91023 |
| 650 | 1 | 0 |
_aNursing Care _xMethods. _94221 _bNursing Care |
| 650 | 2 | 0 |
_aAdult. _94222 |
| 655 | 2 | _aHandbooks | |
| 942 |
_2lcc _cR |
||
| 999 |
_c68676 _d68676 |
||